| 000 | 00326nam a2200109Ia 4500 | ||
|---|---|---|---|
| 008 | 171211s9999 xx 000 0 und d | ||
| 245 | 4 | _aThe Shaman and the Heresiarch: A New Interpretation of the Li Sao | |
| 245 | _cGopal Sukhu | ||
| 260 | _c2012 | ||
| 650 | _xReligion | ||
| 856 | _uhttp://down.ebook777.com/062/1438442831.pdf | ||
| 999 |
_c350517 _d350517 |
||